La Música a Catalunya fins al segle XIII / per Higini Anglès
ISBN:
84-87006-80-9
Descripción Física:
XX, 447 p. : il. ; 27 cm
Otros Autores:
Universitat Autònoma de Barcelona
Materias:
Música -- Catalunya -- 500/1400
MARC
| LEADER | 00000nam a2200000Ia 4500 | ||
|---|---|---|---|
| 001 | 23025 | ||
| 008 | 160829s1988 xx 000 0 cat d | ||
| 020 | |a 84-87006-80-9 | ||
| 080 | |a B-2-233 | ||
| 100 | |a Anglès, Higini, |d 1888-1969 |9 26341 | ||
| 245 | |a La Música a Catalunya fins al segle XIII / per Higini Anglès | ||
| 260 | |a Barcelona : |b Biblioteca de Catalunya, |c 1988 | ||
| 300 | |a XX, 447 p. : |b il. ; |c 27 cm | ||
| 490 | |a Biblioteca de Catalunya. Publicacions del Departament de Música ; 10 | ||
| 590 | |a Reproducció de l'edició de 1935. | ||
| 590 | |a A la portada: Amb la col·laboració de la Universitat Autònoma de Barcelona | ||
| 650 | |a Música |x Catalunya |x 500/1400 |9 20137 | ||
| 700 | |a Universitat Autònoma de Barcelona |9 17832 | ||
| 710 | 1 | |a Biblioteca de Catalunya |9 52741 | |
| 901 | |a Arxiu | ||
| 942 | |n 1 | ||
| 952 | |0 0 |1 0 |4 0 |6 B2233 |7 1 |9 49300 |a Arxiu |b Arxiu |d 2016-12-01 |l 0 |o B-2-233 |p 23025 |r 2016-12-01 00:00:00 |w 2016-12-01 |y ARXIU | ||
| 999 | |c 53142 |d 53142 | ||